MARC details
| 000 -LEADER |
| fixed length control field |
02754cam a2200565 i 4500 |
| 001 - CONTROL NUMBER |
| control field |
1455379424 |
| 003 - CONTROL NUMBER IDENTIFIER |
| control field |
OCoLC |
| 005 - DATE AND TIME OF LATEST TRANSACTION |
| control field |
20241108131749.0 |
| 008 - FIXED-LENGTH DATA ELEMENTS--GENERAL INFORMATION |
| fixed length control field |
240910t20242024moua c 6 000 1 eng d |
| 010 ## - LIBRARY OF CONGRESS CONTROL NUMBER |
| LC control number |
2024936964 |
| 020 ## - INTERNATIONAL STANDARD BOOK NUMBER |
| International Standard Book Number |
9781524886226 |
| Qualifying information |
(hardcover) |
| 020 ## - INTERNATIONAL STANDARD BOOK NUMBER |
| International Standard Book Number |
152488622X |
| Qualifying information |
(hardcover) |
| 020 ## - INTERNATIONAL STANDARD BOOK NUMBER |
| International Standard Book Number |
9781524885786 |
| Qualifying information |
(paperback) |
| 020 ## - INTERNATIONAL STANDARD BOOK NUMBER |
| International Standard Book Number |
1524885789 |
| Qualifying information |
(paperback) |
| 035 ## - SYSTEM CONTROL NUMBER |
| System control number |
(OCoLC)1455379424 |
| 040 ## - CATALOGING SOURCE |
| Original cataloging agency |
LPU |
| Language of cataloging |
eng |
| Description conventions |
rda |
| Transcribing agency |
LPU |
| Modifying agency |
OCLCO |
| -- |
JBI |
| -- |
OCLCO |
| -- |
RNL |
| 092 ## - LOCALLY ASSIGNED DEWEY CALL NUMBER (OCLC) |
| Classification number |
junior graphic |
| Item number |
Peirce |
| 100 1# - MAIN ENTRY--PERSONAL NAME |
| Personal name |
Peirce, Lincoln, |
| Relator term |
author, |
| -- |
illustrator. |
| 9 (RLIN) |
5927889 |
| 245 10 - TITLE STATEMENT |
| Title |
Big Nate. |
| Name of part/section of a work |
The Nate files / |
| Statement of responsibility, etc |
Lincoln Peirce. |
| 246 3# - VARYING FORM OF TITLE |
| Title proper/short title |
Big Nate. |
| Number of part/section of a work |
1, |
| Name of part/section of a work |
The Nate files. |
| 246 1# - VARYING FORM OF TITLE |
| Display text |
At head of title: |
| Title proper/short title |
Nickelodeon. |
| 246 3# - VARYING FORM OF TITLE |
| Title proper/short title |
Lincoln Peirce's Big Nate : |
| Remainder of title |
the Nate files. |
| 246 3# - VARYING FORM OF TITLE |
| Title proper/short title |
Nate files. |
| 264 #1 - Production, Publication, Distribution, Manufacture, and Copyright Notice. |
| Place of production, publication, distribution, manufacture |
Kansas City, MO : |
| Name of producer, publisher, distributor, manufacturer |
Andrews McMeel Publishing ; |
| Date of production, publication, distribution, manufacture, or copyr |
2024. |
| 264 #4 - Production, Publication, Distribution, Manufacture, and Copyright Notice. |
| Date of production, publication, distribution, manufacture, or copyr |
©2024. |
| 300 ## - PHYSICAL DESCRIPTION |
| Extent |
173 pages : |
| Other physical details |
illustrations (chiefly color) ; |
| Dimensions |
22 cm. |
| 336 ## - Content Type |
| Content type term |
text |
| 336 ## - Content Type |
| Content type term |
still image |
| 337 ## - Media type |
| Media type term |
unmediated |
| 338 ## - Carrier type |
| Carrier type term |
volume |
| 490 1# - SERIES STATEMENT |
| Series statement |
Nate Files. |
| 520 ## - SUMMARY, ETC. |
| Summary, etc |
The Big Nate Files is the ultimate companion to the TV show, expanding on the show's dynamic storylines and colorful characters in a series of book-exclusive features all about the spectacularly quirky world of Nate's School, P.S. 38. Each chapter explores a different aspect of Nate's social life and school adventures, including The Prank Files, The Friendship Files, and The Fear the Mollusk Files (all about Nate's rock band). The Nate Files also includes a gallery of over two dozen comic strips Lincoln Peirce produced for the show. |
| 600 00 - SUBJECT ADDED ENTRY--PERSONAL NAME |
| Personal name |
Big Nate |
| Form subdivision |
Comic books, strips, etc. |
| -- |
Juvenile fiction. |
| 9 (RLIN) |
6469249 |
| 650 #0 - SUBJECT ADDED ENTRY--TOPICAL TERM |
| Topical term or geographic name as entry element |
Conduct of life |
| Form subdivision |
Comic books, strips, etc. |
| -- |
Juvenile fiction. |
| 9 (RLIN) |
6428861 |
| 650 #0 - SUBJECT ADDED ENTRY--TOPICAL TERM |
| Topical term or geographic name as entry element |
Friendship |
| Form subdivision |
Comic books, strips, etc. |
| -- |
Juvenile fiction. |
| 9 (RLIN) |
5680759 |
| 650 #0 - SUBJECT ADDED ENTRY--TOPICAL TERM |
| Topical term or geographic name as entry element |
Middle schools |
| Form subdivision |
Comic books, strips, etc. |
| -- |
Juvenile fiction. |
| 9 (RLIN) |
5724635 |
| 650 #0 - SUBJECT ADDED ENTRY--TOPICAL TERM |
| Topical term or geographic name as entry element |
Schools |
| Form subdivision |
Comic books, strips, etc. |
| -- |
Juvenile fiction. |
| 9 (RLIN) |
5724636 |
| 655 #7 - INDEX TERM--GENRE/FORM |
| Genre/form data or focus term |
School comics. |
| Source of term |
lcgft. |
| 9 (RLIN) |
6423966 |
| 655 #7 - INDEX TERM--GENRE/FORM |
| Genre/form data or focus term |
Humorous comics. |
| Source of term |
lcgft. |
| 9 (RLIN) |
5716565 |
| 655 #7 - INDEX TERM--GENRE/FORM |
| Genre/form data or focus term |
Graphic novels. |
| Source of term |
lcgft. |
| 655 #7 - INDEX TERM--GENRE/FORM |
| Genre/form data or focus term |
Comics (Graphic works) |
| Source of term |
lcgft. |
| 9 (RLIN) |
5689343 |
| 655 #7 - INDEX TERM--GENRE/FORM |
| Genre/form data or focus term |
Children's graphic novels. |
| Source of term |
local. |
| 9 (RLIN) |
5968135 |
| 655 #7 - INDEX TERM--GENRE/FORM |
| Genre/form data or focus term |
Bandes dessinées sur l'école. |
| Source of term |
rvmgf |
| 9 (RLIN) |
6454110 |
| 655 #7 - INDEX TERM--GENRE/FORM |
| Genre/form data or focus term |
Bandes dessinées humoristiques. |
| Source of term |
rvmgf |
| 9 (RLIN) |
6463602 |
| 655 #7 - INDEX TERM--GENRE/FORM |
| Genre/form data or focus term |
Bandes dessinées. |
| Source of term |
rvmgf |
| 9 (RLIN) |
6447297 |
| 710 2# - ADDED ENTRY--CORPORATE NAME |
| Corporate name or jurisdiction name as entry element |
Nickelodeon (Firm), |
| Relator term |
sponsoring body. |
| 9 (RLIN) |
18033 |
| 730 02 - ADDED ENTRY--UNIFORM TITLE |
| Uniform title |
Big Nate (Television program) |
| 9 (RLIN) |
6459386 |
| 830 #0 - SERIES ADDED ENTRY--UNIFORM TITLE |
| Uniform title |
Nate files. |
| 9 (RLIN) |
6496385 |
| 942 ## - ADDED ENTRY ELEMENTS (KOHA) |
| Source of classification or shelving scheme |
Dewey Decimal Classification |
| Koha item type |
BOOK |